Statistics for Hero Too - My Hero Academia (Lyrics)

Click here to take the quiz!

General Stats

  • This quiz has been taken 92 times
  • The average score is 250 of 338

Answer Stats

Lyrics% Correct
a
98%
I
98%
to
98%
To
98%
Hero
94%
hero
94%
do
88%
is
88%
Am
86%
am
86%
my
86%
My
86%
too
86%
what
86%
What
86%
be
85%
calling
82%
me
82%
make
79%
The
79%
the
79%
all
76%
and
76%
go
76%
So
76%
so
76%
up
76%
you
76%
no
74%
on
74%
strength
74%
Strength
74%
down
71%
heart
71%
It
71%
life
71%
Who
71%
back
70%
doesn't
70%
gave
70%
Gave
70%
I'm
70%
in
70%
see
70%
they
70%
They
70%
True
70%
won't
70%
dream
68%
set
68%
try
68%
believe
67%
for
67%
ready
67%
wait
67%
giving
65%
Heroes
65%
heroes
65%
Yeah
65%
stand
64%
don't
62%
I'll
62%
know
62%
follow
61%
let
61%
not
61%
one
61%
think
61%
unseen
61%
will
61%
at
59%
find
59%
futures
59%
I've
59%
left
59%
met
59%
Put
59%
reason
59%
right
59%
say
59%
smile
59%
wanna
59%
your
59%
courage
58%
depends
58%
listen
58%
Now
58%
People
58%
satisfied
58%
doing
56%
have
56%
it's
56%
line
56%
meant
56%
music
56%
never
56%
Oh
56%
out
56%
that
56%
count
55%
dumb
55%
judge
55%
less
55%
live
55%
some
55%
Something
55%
Tried
55%
tried
55%
care
53%
dreams
53%
look
53%
makes
53%
many
53%
survive
53%
turn
53%
everyday
52%
hold
52%
power
52%
might
50%
could
48%
like
48%
may
48%
own
48%
way
48%
of
47%
going
45%
sent
23%

Score Distribution

Percentile by Number Answered

Percent of People with Each Score

Your Score History

You have not taken this quiz